000 00509nam a22001697a 4500
005 20251108175213.0
008 250721s2003 xx 000 0 ara d
082 1 4 _a303.484/توي
100 1 _aتويني، غسان
245 1 0 _aحوار مع الاستبداد /
264 1 _aبيروت _ لبنان :
_bدار النهار للنشر،
_c2003.
300 _a219ص.
650 1 7 _aالاصلاح الاجتماعي
650 1 7 _aالاصلاح السياسي
942 _2ddc
_cBK
999 _c128619
_d128619